000 00843nam a22002537a 4500
001 44936
003 UA-OsUOA
005 20210711123435.0
007 ta
008 20110713b un ||||| |||| 00| 0 ukr d
040 _aUA-OsUOA
_bukr
_cUA-OsUOA
_dUA-OsUOA
041 _aukr
080 _a94(477). 152 (К)
090 _a94(477). 152 (К)
_bВ65
100 _aВойценко О.
245 _aДо історії українців у Британській Колюмбії
260 _aВінніпег; Манітоба
_c1972
_bУВАН
300 _a46 с.
650 7 _a9 Географія. Біографії. Історія
_2UDC
942 _cBR
_2udc
955 _a1
999 _c425038
_d425038